[Event "CHI-ch (Women)"]
[Site "Las Condes"]
[Date "2019.02.15"]
[Round "6"]
[White "Vildosola Canales, Melany Selena"]
[Black "Vargas Banda, Valentina Javiera"]
[Result "1-0"]
[WhiteElo "1531"]
[BlackElo "1682"]
[PlyCount "55"]
[EventDate "2019.02.12"]
[EventType "swiss"]
[EventRounds "9"]
[EventCountry "CHI"]
[SourceTitle "CBM 188 Extra"]
[Source "ChessBase"]
[SourceDate "2019.02.26"]
[SourceVersion "1"]
[SourceVersionDate "2019.02.26"]
[SourceQuality "1"]

1. e4 c5 2. Nf3 d6 3. d4 cxd4 4. Nxd4 Nf6 5. Nc3 a6 6. Be3 e6 7. f3 Be7 8. Qd2 Qc7 9. 0-0-0 Nc6 10. g4 Nd7 11. h4 Na5 12. g5 Nc4 13. Bxc4 Qxc4 14. h5 b5 15. Kb1 b4 16. Nce2 d5 17. g6 dxe4 18. gxf7+ Kxf7 19. fxe4 e5 20. b3 Qc7 21. Nf5 Nf6 22. Nxe7 Kxe7 23. Bg5 a5 24. Bxf6+ gxf6 25. Rhg1 Be6 26. Rg7+ Bf7 27. Qd5 Rhf8 28. Rxf7+ 1-0

[Event "CHI-ch U20 Girls"]
[Site "Los Angeles"]
[Date "2016.01.18"]
[Round "1.2"]
[White "Garcia Navarro, Gabriela Angel"]
[Black "Vargas Banda, Valentina Javiera"]
[Result "0-1"]
[WhiteElo "1133"]
[BlackElo "1794"]
[PlyCount "50"]
[EventDate "2016.01.18"]
[EventType "swiss"]
[EventRounds "9"]
[EventCountry "CHI"]
[SourceTitle "EXT 2024"]
[Source "ChessBase"]
[SourceDate "2023.10.10"]
[SourceVersion "1"]
[SourceVersionDate "2023.10.10"]
[SourceQuality "1"]

1. d4 Nf6 2. c4 g6 3. Nc3 Bg7 4. e4 d6 5. Nf3 0-0 6. Be2 c5 7. d5 e6 8. 0-0 exd5 9. exd5 Na6 10. a3 Nc7 11. Rb1 Re8 12. Re1 Rb8 13. b4 Ng4 14. Bb2 Bf5 15. Bd3 Rxe1+ 16. Qxe1 Bxd3 17. Ra1 Na6 18. b5 Nc7 19. Qd2 Bf5 20. h3 Ne5 21. Nxe5 Bxe5 22. Re1 Qh4 23. Qe3 Re8 24. g3 Qxh3 25. f4 Bd4 0-1

[Event "CHI-ch (Women)"]
[Site "Santiago de Chile"]
[Date "2015.01.17"]
[Round "8"]
[White "Vargas Banda, Valentina Javiera"]
[Black "Zeballos Luque, Shirley"]
[Result "1-0"]
[WhiteElo "1757"]
[BlackElo "1577"]
[PlyCount "83"]
[EventDate "2015.01.13"]
[EventType "swiss"]
[EventRounds "9"]
[EventCountry "CHI"]
[SourceTitle "CBM 164 Extra"]
[Source "ChessBase"]
[SourceDate "2015.03.02"]
[SourceVersion "1"]
[SourceVersionDate "2015.03.02"]
[SourceQuality "1"]

1. e4 e6 2. d4 d5 3. exd5 exd5 4. Bd3 Nf6 5. Nf3 c5 6. dxc5 Bxc5 7. 0-0 0-0 8. Nbd2 Nc6 9. Nb3 Bb6 10. h3 Re8 11. Re1 Ne4 12. Be3 Bf5 13. Nbd4 Bg6 14. c3 Qf6 15. Nb5 Bxe3 16. Rxe3 Re7 17. Bc2 Rd8 18. Nbd4 Rde8 19. Nxc6 bxc6 20. Qd4 Qxd4 21. Nxd4 c5 22. Nc6 Rc7 23. Na5 d4 24. Re2 Ree7 25. Rae1 Nf6 26. Rxe7 Rxe7 27. Rxe7 Bxc2 28. Rxa7 g6 29. cxd4 cxd4 30. Nc4 Ne4 31. f3 Nc5 32. b4 Ne6 33. a4 d3 34. b5 Nc5 35. b6 Kg7 36. a5 Bb3 37. Nd2 Bd5 38. Kf2 Kf6 39. a6 Ke5 40. Ke3 h5 41. b7 Nd7 42. Ra8 1-0

[Event "South America-ch U18 Girls 11th"]
[Site "Montevideo"]
[Date "2014.09.11"]
[Round "5"]
[White "Garcia Contreras, Ana Claudia De"]
[Black "Vargas Banda, Valentina Javiera"]
[Result "1-0"]
[WhiteElo "1952"]
[BlackElo "1791"]
[PlyCount "69"]
[EventDate "2014.09.08"]
[EventType "swiss"]
[EventRounds "9"]
[EventCountry "URU"]
[SourceTitle "EXT 2016"]
[Source "ChessBase"]
[SourceDate "2015.10.08"]
[SourceVersion "1"]
[SourceVersionDate "2015.10.08"]
[SourceQuality "1"]

1. d4 Nf6 2. Nf3 g6 3. c4 d6 4. g3 Bg7 5. Bg2 0-0 6. Nc3 Nbd7 7. 0-0 c6 8. b3 Rb8 9. Bb2 b5 10. cxb5 cxb5 11. Re1 b4 12. Nb1 Bb7 13. Nbd2 Ne4 14. Nxe4 Bxe4 15. Nd2 Bxg2 16. Kxg2 d5 17. Nf3 Rc8 18. a3 a5 19. axb4 axb4 20. Qd2 Qb6 21. Ra4 Rb8 22. Rea1 Rb7 23. Ra6 Qc7 24. Rc1 Qb8 25. Rac6 e6 26. Qc2 Rd8 27. Ne1 Bf8 28. Nd3 Rb6 29. Ra1 Qb7 30. Rc7 Qb8 31. Raa7 Nf6 32. Rxf7 Rc8 33. Nc5 Rbc6 34. Rxh7 Ne4 35. Nxe4 1-0

[Event "Pan American-ch U20 Girls"]
[Site "Bogota"]
[Date "2013.07.13"]
[Round "6"]
[White "Nope, Tatiana"]
[Black "Vargas Banda, Valentina Javiera"]
[Result "1/2-1/2"]
[WhiteElo "1694"]
[BlackElo "1821"]
[PlyCount "102"]
[EventDate "2013.07.10"]
[EventType "swiss"]
[EventRounds "9"]
[EventCountry "COL"]
[SourceTitle "CBM 155 Extra"]
[Source "ChessBase"]
[SourceDate "2013.08.26"]
[SourceVersion "1"]
[SourceVersionDate "2013.08.26"]
[SourceQuality "1"]

1. e4 c5 2. Nc3 d6 3. d3 Nf6 4. g3 Nc6 5. Nge2 Bg4 6. Bg2 Nd4 7. 0-0 Nf3+ 8. Kh1 h5 9. h3 h4 10. Ng1 Nxg1 11. hxg4 h3 12. Kxg1 hxg2 13. Kxg2 Qd7 14. f3 0-0-0 15. Rb1 g6 16. Rh1 Bg7 17. Be3 Qc6 18. Bg5 Rde8 19. Bxf6 Bxf6 20. Nd5 Bg7 21. b4 b6 22. b5 Qb7 23. a4 e6 24. Ne3 d5 25. Qe1 Rxh1 26. Kxh1 Be5 27. Kg2 Qd7 28. Nd1 dxe4 29. Qxe4 Qd5 30. Qxd5 exd5 31. Ne3 Bd4 32. Nxd5 Re2+ 33. Kh3 Kd7 34. c3 Bg7 35. a5 bxa5 36. b6 axb6 37. Rxb6 a4 38. Ra6 Rd2 39. Nb6+ Kd8 40. Nxa4 Rxd3 41. Nxc5 Rxc3 42. Rd6+ Ke7 43. Ne4 Rxf3 44. Ra6 Rd3 45. Ra7+ Rd7 46. Rxd7+ Kxd7 47. g5 Ke6 48. Kg4 Bb2 49. Nc5+ Kd5 50. Nd3 Bc3 51. Kf3 Bd2 1/2-1/2

[Event "Pan American-ch U20 Girls"]
[Site "Bogota"]
[Date "2013.07.13"]
[Round "7"]
[White "Vargas Banda, Valentina Javiera"]
[Black "Nope, Viviana"]
[Result "1-0"]
[WhiteElo "1821"]
[BlackElo "1532"]
[PlyCount "69"]
[EventDate "2013.07.10"]
[EventType "swiss"]
[EventRounds "9"]
[EventCountry "COL"]
[SourceTitle "CBM 155 Extra"]
[Source "ChessBase"]
[SourceDate "2013.08.26"]
[SourceVersion "1"]
[SourceVersionDate "2013.08.26"]
[SourceQuality "1"]

1. e4 e6 2. d4 d5 3. Nd2 Nf6 4. e5 Nfd7 5. Bd3 c5 6. c3 Nc6 7. Ne2 Qb6 8. Nf3 Be7 9. 0-0 0-0 10. Bc2 cxd4 11. cxd4 f6 12. Nf4 Nd8 13. Qd3 f5 14. Ne2 Nf7 15. h4 Qd8 16. g3 g5 17. hxg5 Nxg5 18. Nxg5 Bxg5 19. Kg2 Rf7 20. Rh1 Nf8 21. Rh5 Rg7 22. Bxg5 Rxg5 23. Rah1 Rg7 24. Nf4 Bd7 25. R5h3 Be8 26. Bd1 Rc8 27. Rh6 Qe7 28. Rf6 Ng6 29. Nh5 a6 30. Qd2 Rf7 31. Rxf7 Qxf7 32. Nf6+ Kf8 33. Rxh7 Nh4+ 34. Rxh4 Qg7 35. Qb4+ 1-0